[Event "Titled Tuesday intern op 06th May Early"]
[Site "Chess.com INT"]
[Date "2025.05.06"]
[Round "3"]
[White "El Zein, Zayne Eddine"]
[Black "Diaz Perez, Michel Alejandro"]
[Result "0-1"]
[WhiteElo "2146"]
[BlackElo "2483"]
[PlyCount "160"]
[EventDate "2025.05.06"]
[EventType "swiss (blitz)"]
[EventRounds "11"]
[EventCountry "USA"]
[SourceTitle "CB20_2025"]
[SourceDate "2025.05.14"]
[SourceVersion "1"]
[SourceVersionDate "2025.05.14"]
[SourceQuality "1"]

1. e4 d6 2. Nf3 c6 3. d3 e5 4. g3 g6 5. Bg2 Bg7 6. 0-0 Nf6 7. c3 0-0 8. Re1 Re8 9. h3 h6 10. Be3 Be6 11. Nbd2 Nbd7 12. d4 exd4 13. cxd4 d5 14. e5 Ne4 15. Nxe4 dxe4 16. Nd2 f5 17. exf6 Nxf6 18. Nxe4 Nxe4 19. Bxe4 Bxh3 20. Bxg6 Qd5 21. Qb3 Re6 22. Qxd5 cxd5 23. Bd3 Rae8 24. Rec1 h5 25. Kh2 Bg4 26. Kg2 Rxe3 27. fxe3 Rxe3 28. Rc3 Bxd4 29. Rb3 b6 30. Rf1 a5 31. a4 Bc5 32. Rc3 d4 33. Bc4+ Kg7 34. Rxe3 dxe3 35. Rf4 Bd1 36. Re4 Bxa4 37. Bd5 Bc2 38. Re6 a4 39. Kf3 Bd1+ 40. Kf4 Bb4 41. Kxe3 Bc5+ 42. Kd3 Bg4 43. Rc6 Bf5+ 44. Kc4 Bf2 45. Rc7+ Kf6 46. Bf3 Kg5 47. Rg7+ Kh6 48. Rf7 Be6+ 49. Bd5 Bxf7 50. Bxf7 Bxg3 51. Kb4 Be5 52. Kxa4 Bxb2 53. Kb5 Bd4 54. Kc4 Bc5 55. Bd5 h4 56. Kb5 Kg5 57. Kc4 Kf4 58. Kd3 Kg3 59. Ke2 h3 60. Bc6 Bd4 61. Kd3 Bg1 62. Ke2 Bc5 63. Bd7 h2 64. Bc6 b5 65. Kf1 b4 66. Ke2 b3 67. Kd2 b2 68. Kc2 Bd4 69. Bh1 Kf2 70. Bc6 Kg1 71. Bd5 h1Q 72. Bxh1 Kxh1 73. Kb1 Kg2 74. Kc2 Kf3 75. Kb1 Ke4 76. Kc2 Kd5 77. Kb1 Kc4 78. Kc2 Kb4 79. Kb1 Ka3 80. Kc2 Ka2 0-1

[Event "Titled Tuesday intern op 06th May Early"]
[Site "Chess.com INT"]
[Date "2025.05.06"]
[Round "7"]
[White "El Zein, Zayne Eddine"]
[Black "Martin Fuentes, Alberto"]
[Result "1-0"]
[WhiteElo "2146"]
[BlackElo "2376"]
[PlyCount "35"]
[EventDate "2025.05.06"]
[EventType "swiss (blitz)"]
[EventRounds "11"]
[EventCountry "USA"]
[SourceTitle "CB20_2025"]
[SourceDate "2025.05.14"]
[SourceVersion "1"]
[SourceVersionDate "2025.05.14"]
[SourceQuality "1"]

1. e4 e6 2. d3 d5 3. Nd2 Be7 4. Ngf3 Nf6 5. g3 b6 6. Bg2 0-0 7. 0-0 dxe4 8. dxe4 Bb7 9. Qe2 Nbd7 10. Rd1 e5 11. Nc4 Bxe4 12. Nfxe5 Bxg2 13. Kxg2 Qe8 14. Nxd7 Nxd7 15. Bf4 Rc8 16. Re1 Bf6 17. Qg4 Qd8 18. Rad1 1-0

[Event "Titled Tuesday intern op 06th May Early"]
[Site "Chess.com INT"]
[Date "2025.05.06"]
[Round "1"]
[White "El Zein, Zayne Eddine"]
[Black "Moroni, Luca Jr"]
[Result "0-1"]
[WhiteElo "2146"]
[BlackElo "2546"]
[PlyCount "134"]
[EventDate "2025.05.06"]
[EventType "swiss (blitz)"]
[EventRounds "11"]
[EventCountry "USA"]
[SourceTitle "CB20_2025"]
[SourceDate "2025.05.14"]
[SourceVersion "1"]
[SourceVersionDate "2025.05.14"]
[SourceQuality "1"]

1. e4 g6 2. Nf3 Bg7 3. d3 c5 4. g3 Nc6 5. Bg2 d6 6. 0-0 e6 7. c3 Nge7 8. Re1 0-0 9. Be3 b5 10. Nbd2 Rb8 11. a3 a5 12. Rc1 b4 13. axb4 axb4 14. d4 bxc3 15. bxc3 cxd4 16. cxd4 Nb4 17. Bf1 Bb7 18. Bg5 Qd7 19. Nc4 Ba8 20. Bf4 Nc8 21. Qd2 Nc6 22. Rb1 Rxb1 23. Rxb1 d5 24. Nce5 Nxe5 25. Nxe5 Qa4 26. Bb5 Qa3 27. Nd7 dxe4 28. Nxf8 Bxf8 29. Qe3 Qa2 30. Rc1 Nb6 31. Be5 Nd5 32. Qxe4 Nc3 33. Qd3 Qd5 34. f3 Nxb5 35. Rc8 Na7 36. Rb8 Nc6 37. Rxa8 Nxe5 38. Qa3 Qxd4+ 39. Kg2 Qd2+ 40. Kf1 Qd3+ 41. Qxd3 Nxd3 42. Ke2 Ne5 43. f4 Ng4 44. h3 Nf6 45. Kf3 Nd5 46. g4 Kg7 47. Ke4 Nf6+ 48. Kf3 Bd6 49. Ra6 Bc7 50. Ra7 Nd5 51. f5 gxf5 52. gxf5 exf5 53. Rb7 Kf6 54. Rb1 Nf4 55. Rc1 Ne6 56. Rc6 Kg5 57. Ra6 Be5 58. Kg2 f4 59. Kf3 Kf5 60. Ra5 f6 61. Kf2 h5 62. Kf3 h4 63. Kf2 Ng5 64. Kg2 f3+ 65. Kf2 Ke4 66. Ra8 Nxh3+ 67. Kf1 Ng5 0-1

[Event "Titled Tuesday intern op 06th May Early"]
[Site "Chess.com INT"]
[Date "2025.05.06"]
[Round "11"]
[White "El Zein, Zayne Eddine"]
[Black "Shandrygin, Nikita"]
[Result "0-1"]
[WhiteElo "2146"]
[BlackElo "2209"]
[PlyCount "64"]
[EventDate "2025.05.06"]
[EventType "swiss (blitz)"]
[EventRounds "11"]
[EventCountry "USA"]
[SourceTitle "CB20_2025"]
[SourceDate "2025.05.14"]
[SourceVersion "1"]
[SourceVersionDate "2025.05.14"]
[SourceQuality "1"]

1. e4 c5 2. Nf3 e6 3. d3 Nc6 4. g3 d5 5. Qe2 Nf6 6. Bg2 Be7 7. 0-0 0-0 8. c3 b6 9. Rd1 Bb7 10. Na3 Re8 11. Bf4 Rc8 12. Rd2 Nd7 13. Rad1 e5 14. exd5 exf4 15. dxc6 Bxc6 16. Qf1 Bd6 17. Nc4 Bb8 18. d4 Qf6 19. d5 Bb5 20. a4 Ba6 21. g4 h5 22. g5 Qf5 23. Bh3 Qe4 24. Bxd7 Qxf3 25. d6 Bb7 26. Rd5 Bxd5 27. Rxd5 Qxd5 28. Bxc8 Rxc8 29. Qe1 Bxd6 30. Nd2 f3 31. Nf1 Qxg5+ 32. Ng3 h4 0-1

[Event "Titled Tuesday intern op 06th May Early"]
[Site "Chess.com INT"]
[Date "2025.05.06"]
[Round "2"]
[White "Kozak, Magdalena"]
[Black "El Zein, Zayne Eddine"]
[Result "0-1"]
[WhiteElo "2176"]
[BlackElo "2146"]
[PlyCount "58"]
[EventDate "2025.05.06"]
[EventType "swiss (blitz)"]
[EventRounds "11"]
[EventCountry "USA"]
[SourceTitle "CB20_2025"]
[SourceDate "2025.05.14"]
[SourceVersion "1"]
[SourceVersionDate "2025.05.14"]
[SourceQuality "1"]

1. Nf3 d6 2. g3 Nf6 3. Bg2 g6 4. 0-0 Bg7 5. d4 0-0 6. c4 Nbd7 7. Nc3 e5 8. e4 c6 9. b3 exd4 10. Nxd4 Nc5 11. Bb2 Re8 12. Re1 Bg4 13. Qd2 Qd7 14. b4 Ne6 15. Nf3 Rad8 16. h3 Bxf3 17. Bxf3 h6 18. Bg2 Qc7 19. Rad1 a5 20. a3 axb4 21. axb4 Nd7 22. Qxd6 Qxd6 23. Rxd6 Ne5 24. c5 Nd3 25. Rxd3 Rxd3 26. Nd1 Rxd1 27. Rxd1 Bxb2 28. Rd7 Rb8 29. f4 Bc3 0-1

[Event "FRA-ch U14"]
[Site "Vichy"]
[Date "2025.05.01"]
[Round "6"]
[White "Breuil, Virgile"]
[Black "El Zein, Zayne Eddine"]
[Result "1-0"]
[WhiteElo "2125"]
[BlackElo "2146"]
[PlyCount "87"]
[EventDate "2025.04.27"]
[EventType "swiss"]
[EventRounds "9"]
[EventCountry "FRA"]
[SourceTitle "CB19_2025"]
[SourceDate "2025.05.07"]
[SourceVersion "1"]
[SourceVersionDate "2025.05.07"]
[SourceQuality "1"]

1. e4 d6 2. d4 Nf6 3. Nc3 e5 4. Nf3 Nbd7 5. h3 c6 6. Be3 b5 7. Bd3 Be7 8. Ne2 Qc7 9. c3 a6 10. Ng3 Nf8 11. 0-0 Ng6 12. Rc1 0-0 13. a3 Rb8 14. b4 d5 15. dxe5 Nxe4 16. Nxe4 dxe4 17. Bxe4 Nxe5 18. Bf4 Nxf3+ 19. Qxf3 Bd6 20. Bxh7+ Kh8 21. Bxd6 Qxd6 22. Bb1 Qh6 23. c4 Be6 24. cxb5 Rxb5 25. Qxc6 Rg5 26. Rc5 f5 27. f4 Rg3 28. Rc3 Rg6 29. Qf3 Rd8 30. Rd3 Rc8 31. Re1 Qh4 32. Qf2 Qh6 33. Kh2 Bg8 34. Rg3 Rg4 35. Bxf5 Rxf4 36. Qxf4 Qxf4 37. Bxc8 Bc4 38. Re8+ Kh7 39. Re7 Bd3 40. Rexg7+ Kh8 41. Rg8+ Kh7 42. R8g4 Qf6 43. Rxd3 Qe5+ 44. Rdg3 1-0

[Event "FRA-chT rapid"]
[Site "Cappelle la Grande"]
[Date "2025.04.21"]
[Round "13.6"]
[White "Daulyte Cornette, Deimante"]
[Black "El Zein, Zayne Eddine"]
[Result "1-0"]
[WhiteElo "2327"]
[BlackElo "2087"]
[PlyCount "120"]
[EventDate "2025.04.19"]
[EventType "team-swiss (rapid)"]
[EventRounds "15"]
[EventCountry "FRA"]
[SourceTitle "CB17_2025"]
[SourceDate "2025.04.23"]
[SourceVersion "1"]
[SourceVersionDate "2025.04.23"]
[SourceQuality "1"]

1. e4 c5 2. Nc3 a6 3. g3 Nc6 4. Nge2 e5 5. Nd5 d6 6. Bg2 Bg4 7. c3 Nf6 8. 0-0 Be7 9. h3 Bxe2 10. Qxe2 0-0 11. d3 Nxd5 12. exd5 Nb8 13. Re1 Nd7 14. d4 cxd4 15. cxd4 Bf6 16. dxe5 Bxe5 17. Be3 Qf6 18. Rac1 Rac8 19. Qg4 Rxc1 20. Rxc1 Nc5 21. b4 Na4 22. Rc8 Qe7 23. Rxf8+ Qxf8 24. Qd7 b5 25. Qc6 Nc3 26. Qxa6 f5 27. f4 Bf6 28. Bf3 Qe7 29. Qc8+ Kf7 30. Kf2 g6 31. a3 Nb1 32. Qa6 Nc3 33. Qb6 h5 34. h4 Ne4+ 35. Bxe4 Qxe4 36. Qxb5 Qc2+ 37. Qe2 Qb3 38. b5 Qxa3 39. b6 Qb4 40. Qc2 Bd8 41. Qc6 Ke7 42. b7 Qb2+ 43. Kf3 Qb1 44. Ke2 Qb2+ 45. Kd3 Qb3+ 46. Qc3 Qxd5+ 47. Qd4 Qb3+ 48. Ke2 Qc2+ 49. Bd2 Qc7 50. Qb4 Qb8 51. Be3 Bc7 52. Qb5 Qd8 53. Ba7 Bb8 54. Bxb8 Qxb8 55. Qc6 Qa7 56. Qc7+ Ke6 57. b8Q Qa2+ 58. Kd3 Qd5+ 59. Kc3 Qf3+ 60. Kb4 Kd5 1-0

[Event "FRA-ch U14"]
[Site "Agen"]
[Date "2024.04.18"]
[Round "6"]
[White "Auribault, Louis"]
[Black "El Zein, Zayne Eddine"]
[Result "1-0"]
[WhiteElo "2137"]
[BlackElo "1959"]
[PlyCount "73"]
[EventDate "2024.04.14"]
[EventType "swiss"]
[EventRounds "9"]
[EventCountry "FRA"]
[SourceTitle "EXT 2025"]
[Source "ChessBase"]
[SourceDate "2024.10.14"]
[SourceVersion "1"]
[SourceVersionDate "2024.10.14"]
[SourceQuality "1"]

1. Nf3 d5 2. d4 Nf6 3. c4 e6 4. g3 Be7 5. Bg2 0-0 6. 0-0 dxc4 7. Qc2 c6 8. Qxc4 b5 9. Qc2 Qb6 10. Bg5 Bb7 11. Nbd2 Nbd7 12. Ne5 Rfd8 13. Nb3 Rac8 14. Rac1 Nb8 15. a3 Nd5 16. Bxe7 Nxe7 17. e3 Ba8 18. Nc5 a5 19. Bh3 g6 20. Qe4 Nf5 21. Nxf7 Kxf7 22. Qxe6+ Kg7 23. Qe5+ Kg8 24. Bxf5 gxf5 25. Qe6+ Kh8 26. Qf6+ Kg8 27. Ne6 Rd7 28. Qg5+ Kh8 29. Qxf5 Re8 30. Qf6+ Kg8 31. Rc5 Qxc5 32. dxc5 Bb7 33. Kg2 Bc8 34. Rd1 Rde7 35. Qg5+ Kf7 36. Qg7+ Kxe6 37. Rd6+ 1-0

[Event "Asia-ch U12"]
[Site "Al Ain"]
[Date "2023.12.16"]
[Round "3"]
[White "El Zein, Zayne Eddine"]
[Black "Smirnov, Mark1"]
[Result "1/2-1/2"]
[WhiteElo "1930"]
[BlackElo "2147"]
[PlyCount "87"]
[EventDate "2023.12.14"]
[EventType "swiss"]
[EventRounds "9"]
[EventCountry "UAE"]
[SourceTitle "EXT 2025"]
[Source "ChessBase"]
[SourceDate "2024.10.14"]
[SourceVersion "1"]
[SourceVersionDate "2024.10.14"]
[SourceQuality "1"]

1. c4 e5 2. g3 Nf6 3. Bg2 Bc5 4. Nc3 c6 5. Nf3 e4 6. Ng5 d5 7. cxd5 cxd5 8. d3 h6 9. Nh3 0-0 10. 0-0 Bf5 11. Nf4 g5 12. dxe4 dxe4 13. Nfd5 Nxd5 14. Nxd5 Nc6 15. Be3 Bd4 16. Qb3 Na5 17. Qb5 a6 18. Ne7+ Qxe7 19. Qxf5 Bxe3 20. fxe3 Nc6 21. Bxe4 f6 22. Qg6+ Qg7 23. Qxg7+ Kxg7 24. Bxc6 bxc6 25. Rac1 Rad8 26. Rxc6 Rd2 27. Kf2 Rxb2 28. Rxa6 Rc8 29. a4 Rcc2 30. Kf3 Rxe2 31. h4 f5 32. hxg5 hxg5 33. g4 fxg4+ 34. Kxg4 Rxe3 35. Kxg5 Re5+ 36. Kf4 Rbe2 37. Rf3 R5e4+ 38. Kg5 Rg2+ 39. Kf5 Re7 40. Rc3 Rf2+ 41. Kg4 Rf6 42. Rxf6 Kxf6 43. Kf4 Ke6 44. Ke4 1/2-1/2

[Event "Wch U12"]
[Site "Sharm El Sheikh"]
[Date "2023.10.20"]
[Round "5"]
[White "Negrean, Andrei"]
[Black "El Zein, Zayne Eddine"]
[Result "1-0"]
[WhiteElo "2003"]
[BlackElo "1885"]
[PlyCount "143"]
[EventDate "2023.10.16"]
[EventType "swiss"]
[EventRounds "11"]
[EventCountry "EGY"]
[SourceTitle "EXT 2025"]
[Source "ChessBase"]
[SourceDate "2024.10.14"]
[SourceVersion "1"]
[SourceVersionDate "2024.10.14"]
[SourceQuality "1"]

1. Nf3 Nf6 2. c4 c5 3. Nc3 g6 4. d4 Bg7 5. g3 0-0 6. Bg2 d6 7. 0-0 cxd4 8. Nxd4 a6 9. b3 e5 10. Nc2 Qc7 11. Bg5 Be6 12. Bxf6 Bxf6 13. Ne3 Bg7 14. Ned5 Qd8 15. Qd2 Nc6 16. Ne4 Nd4 17. Nec3 f5 18. e3 Nc6 19. Rfd1 e4 20. Rac1 Rb8 21. Ne2 Bf7 22. Nb4 Nxb4 23. Qxb4 Be5 24. Nf4 Re8 25. Bf1 g5 26. Nd5 b6 27. Qd2 Re6 28. Be2 h5 29. f4 exf3 30. Bxf3 g4 31. Bg2 h4 32. Qf2 hxg3 33. hxg3 Qg5 34. Rf1 Qg7 35. Nf4 Rh6 36. Ne2 Rh5 37. Rfd1 Rf8 38. Nf4 Rh7 39. Kf1 Re8 40. Bc6 Rc8 41. Bg2 Qf6 42. Bb7 Rb8 43. Bg2 a5 44. a4 Kf8 45. Bc6 Rc8 46. Bd5 Bxd5 47. Nxd5 Qh8 48. Nf4 Rh1+ 49. Ke2 Rh6 50. Rd2 Re8 51. Kd3 Qh7 52. Rf1 Kg7 53. Kc2 Kg8 54. Qg2 Re7 55. Qd5+ Kh8 56. Qd3 Rf7 57. Qd5 Re7 58. Qd3 Rf7 59. Rdf2 Kg8 60. Qd5 Kh8 61. Kd2 Qg7 62. Kc2 Qf6 63. Rh1 Kg8 64. Rfh2 Rxh2+ 65. Rxh2 Bxf4 66. exf4 Qe7 67. Qd3 Rf6 68. Re2 Qf7 69. Qe3 d5 70. Qd4 dxc4 71. Qd8+ Qf8 72. Re8 1-0